John defends the gospel. (Record no. 5135)

000 -LEADER
fixed length control field 00595nam a2200193 a 4500
001 - CONTROL NUMBER
control field :::00002876$&:&@@
003 - CONTROL NUMBER IDENTIFIER
control field OkBaRHE
005 - DATE AND TIME OF LATEST TRANSACTION
control field 20000607103257.0
008 - FIXED-LENGTH DATA ELEMENTS--GENERAL INFORMATION
fixed length control field s1936 j 000 0 eng u
040 ## - CATALOGING SOURCE
Transcribing agency
100 1# - MAIN ENTRY--PERSONAL NAME
Personal name Colwell, Ernest Cadman, 1901-
245 10 - TITLE STATEMENT
Title John defends the gospel.
260 ## - PUBLICATION, DISTRIBUTION, ETC. (IMPRINT)
Place of publication, distribution, etc Chicago, IL., :
Name of publisher, distributor, etc Willett, Clark & Company
Date of publication, distribution, etc c1936
300 ## - PHYSICAL DESCRIPTION
Extent 173 p. ;
Dimensions 21 cm.
650 ## - SUBJECT ADDED ENTRY--TOPICAL TERM
Topical term or geographic name as entry element Bible New Testament John
650 ## - SUBJECT ADDED ENTRY--TOPICAL TERM
Topical term or geographic name as entry element John, Saint, apostle
942 ## - ADDED ENTRY ELEMENTS (KOHA)
Source of classification or shelving scheme
Koha item type Books
Copies
Koha item type Damaged status Date acquired Date last seen Not for loan Shelving location Barcode Price effective from Source of classification or shelving scheme Full call number Copy number Lost status Withdrawn status Permanent Location
Books 2010-04-142018-03-16 General Stacks28762010-04-14 BS 2455 .C5931  RHEMA Bible Training College